| 000 | 00000nas 2200000za 4500 |
| 001 | 9.502133 |
| 003 | CaOODSP |
| 005 | 20251104111824 |
| 007 | cr ||||||||||| |
| 008 | 150406c20029999oncar p o f0 b0fre| |
| 022 | |a1910-9423 |
| 040 | |aCaOODSP|bfre |
| 043 | |an-cn--- |
| 086 | 1 |aFD1F-PDF |
| 110 | 2 |aCentre d'analyse des opérations et déclarations financières du Canada. |
| 222 | 0|aRapport annuel de CANAFE |b(En ligne) |
| 240 | 10|aRapport annuel de CANAFE (En ligne) |
| 245 | 10|aRapport annuel de CANAFE |h[ressource électronique] / |cCentre d'analyse des opérations et déclarations financières du Canada. |
| 246 | 3 |aRapport annuel du Centre d'analyse des opérations et déclarations financières du Canada |
| 246 | 3 |iCertaines livr. comportent le titre:|aCANAFE rapport annuel |
| 260 | |aOttawa : |bCentre d'analyse des opérations et déclarations financières du Canada, |c[2002]- |
| 310 | |aAnnuel |
| 362 | 0 |a31 mars 2002- |
| 500 | |aPubl. aussi en anglais sous le titre : FINTRAC annual report. |
| 500 | |aPlusieurs livraisons comportent un titre distinct. |
| 515 | |aL'année d'activité se termine le 31 mars. |
| 515 | |aLe premier rapport couvre la période du 5 juil. 2000 au 31 mars 2002. |
| 530 | |aÉgalement publ. en version imprimée. |
| 692 | 07|2gccst|aCrime économique |
| 775 | 08|tFINTRAC annual report |w(CaOODSP)9.505728 |
| 776 | 0#|tCANAFE rapport annuel |w(CaOODSP)9.511681 |